003470000a2200133000450024500490000065000240004965000160007365000140008965000120010365300150011504100130013010000250014377300450016810aMutation rates in mangroves and other plants14aAnalisis genético14aEvolución14aManglares14aPlantas gRhizophora0 aInglés1 aKlekowski, Edward J.1 tGenética31197h102-103q325-331d1998